[Event "Danzhou 6th"]
[Site "Danzhou"]
[Date "2015.07.11"]
[Round "9"]
[White "Lu, Shanglei"]
[Black "Bruzon Batista, Lazaro"]
[Result "0-1"]
[WhiteElo "2595"]
[BlackElo "2669"]
[Annotator "Sagar Shah"]
[PlyCount "46"]
[EventDate "2015.07.02"]
[EventType "tourn"]
[EventRounds "9"]
[EventCountry "CHN"]
[EventCategory "17"]
[SourceTitle "CBM 167"]
[Source "ChessBase"]
[SourceDate "2015.07.13"]
[SourceVersion "1"]
[SourceVersionDate "2015.07.13"]
[SourceQuality "1"]

1. Nc3 e5 2. Nf3 Nc6 3. d4 exd4 4. Nxd4 Nf6 5. g3 Bb4 6. Bg2 O-O 7. O-O Bxc3 8.
bxc3 Re8 9. Rb1 h6 10. Re1 Ne4 11. Nxc6 bxc6 12. Qd4 c5 13. Qd3 d5 14. Ba3 Qf6
15. Bxe4 dxe4 16. Qe3 Qa6 17. Bxc5 Qxa2 18. Ra1 Qxc2 19. Rec1 Qb3 20. Rcb1 Qc4
21. Rxa7 Rxa7 22. Bxa7 Bg4 {The position is round about equal but with this
move, Lu Shanglei goes horribly wrong.} 23. Rb4 $4 Qa2 $1 {And Lu Shanglei
resigned the game. A premature resignation? I don't think so.} (23... Qa2 $1 {
This position is a perfect manifestation of opposite coloured bishop
middlegame. The side that has the initiative or is attacking is like a piece
up. Here Black's attack on the light squares cannot really be halted.} 24. Kg2
{preventing Bh3.} (24. f3 Qa1+ 25. Kf2 (25. Kg2 exf3+ $19) 25... Bh3 26. Qd4
e3+ $1 27. Qxe3 Qf1#) (24. Kf1 f5 $1 25. Bd4 Qa1+ 26. Kg2 g5 {The threat of
Bh3+ followed Qf1# cannot be averted.}) 24... Bxe2 $1 {Now Bf3+ is a huge
threat.} 25. Rxe4 Bf1+ $1 (25... Qd5 {is equally good.} 26. f3 (26. Qxe2 Qxe4+
$19) 26... Bxf3+ 27. Kxf3 f5 $19) 26. Kxf1 (26. Kg1 Rxe4 27. Qxe4 Bh3 $1 28.
Qe1 Qxa7 $19) 26... Qb1+ 27. Kg2 Qxe4+ $19) (23... Qxe2 24. Qxe2 Bxe2 25. Rb2 {
is definitely slightly better for Black but would have been quite difficult to
convert.} Bc4 $15) 0-1

[Event "FRA-ch60 Championnat"]
[Site "Clermont Ferrand"]
[Date "1985.08.30"]
[Round "13"]
[White "Seret, Jean Luc"]
[Black "Roos, Louis"]
[Result "1/2-1/2"]
[WhiteElo "2455"]
[BlackElo "2400"]
[Annotator "Villeneuve,A/Primel,D"]
[PlyCount "83"]
[EventDate "1985.08.17"]
[EventType "swiss"]
[EventRounds "13"]
[EventCountry "FRA"]
[SourceTitle "EXT 2004"]
[Source "ChessBase"]
[SourceDate "2003.11.25"]
[SourceVersion "1"]
[SourceVersionDate "2003.11.25"]
[SourceQuality "1"]

1. g3 {JL SERET choisit une ouverture solide pour ne pas prendre trop de
risques car il était en tête avec 8,5/12 а égalité avec SHARIF et seul
CERISIER avec 8/12 pouvait encore créer la surprise.} e5 2. Bg2 Nf6 (2... d5 {
La ligne principale pour jouer une défense moderne en premier}) 3. d3 (3. c4 {
Mène а l'Anglaise}) 3... d5 4. Nf3 Bd6 (4... Nc6 5. O-O Be7 6. c4 d4 $6 7. b4
$1 $36 e4 {Keene,R-Griffiths,P BCF-ch Coventry 1970 (3) 1/2} (7... Bxb4 $6 8.
Nxe5 Nxe5 9. Qa4+ Nc6 10. Bxc6+ bxc6 11. Qxb4 $16) (7... Nxb4 $142 8. Nxe5 O-O
9. Nd2 (9. a3 Na6 {[%cal Ga6c5]} 10. Nd2))) 5. O-O O-O 6. Nc3 c6 (6... Nc6 $5
7. e4 d4 8. Ne2 {[%cal Gf3e1,Gf2f4]}) 7. e4 dxe4 8. Nxe4 $6 (8. dxe4 $142 {
Donne des meilleurs chances de conserver un petit avantage d'ouverture}) 8...
Nxe4 $11 9. dxe4 Be6 (9... Qe7 {La ligne principale}) (9... Bg4) (9... Na6) 10.
Qe2 f6 11. Rd1 $146 ({RR} 11. Nh4 Re8 12. Be3 Nd7 13. Rfd1 Qc7 14. Rd2 a5 15.
Qf1 Nc5 16. Rad1 Bf8 17. Bh3 Qc8 18. Bxe6+ Qxe6 19. Bxc5 Bxc5 20. Nf5 Rf8 21.
Qh3 Kh8 22. Rd7 Rf7 23. Rxf7 Qxf7 24. Nh4 Qc4 25. Qd7 Qxc2 {Paglilla,C (2310)
-Gomez Baillo,J (2295)/Buenos Aires 1985/MCD/1/2-1/2 (45)}) 11... Qe7 12. Nh4
g6 13. Be3 Na6 $1 {[%cal Ga6c5,Gd6c5]} 14. Bf3 Rfd8 15. Ng2 Nc5 16. h4 Na4 $5 {
[%cal Ga4b2]} (16... Bf7 {[%cal Gc5e6,Ge6d4]} 17. h5 Ne6 18. c3 Ng5 19. Bxg5
fxg5 20. Ne3 a5 {[%cal Ga5a3]} 21. Kg2 a4 22. Rh1 a3 23. b3 Bc5 24. Ng4 {
[%cal Gg4h6,Gg4f6]} Kg7 25. h6+ Kg8 26. Ne3 Rd6 27. Rad1 Rad8) 17. c3 Bc5 18.
Rxd8+ Rxd8 19. h5 b5 20. hxg6 hxg6 21. Qc2 Nb6 {[%cal Gb6c4]} 22. b3 a5 23. Rd1
Rxd1+ 24. Qxd1 Bxe3 25. Nxe3 a4 26. Bg4 Bf7 27. Bh3 $5 {[%csl Rb6,Gd7][%cal
Gh3d7,Gd1d7]} Kf8 (27... Be6 $4 28. Bxe6+ Qxe6 29. Qd8+ {[%cal Gd8b6,Gd8g8]})
28. Ng4 Ke8 29. Qf3 Nd7 {il restait 12 mns aux noirs pour passer le contrôle
du 40ème coups} 30. bxa4 $1 {rompt l'équilibre de la position pour essayer de
profiter du zeitnot des noirs et jouer pour le gain.} bxa4 {(11)} 31. Qd1 a3 {
[%csl Ra2] (10) fixe la faiblesse "a2" et le Bh3 est excentré pour venir
défendre l'aile-dame} (31... Nc5 $5 {[%csl Ra2][%cal Gf7a2]}) 32. Qd2 (32. Qb1)
32... Be6 $1 {[%csl Rh3] (9)} 33. Kg2 Bxg4 {(8)} (33... Nb6) (33... Qc5 $6 34.
Nxf6+ Nxf6 35. Bxe6 Ke7 36. Bb3 Nxe4 37. Qc2 {[%cal Gc2g6]} Nxc3 38. Qxg6 Nd5
39. Qh7+ {[%csl Re7]}) 34. Bxg4 Nc5 {(7)} 35. Qc2 Kf7 $6 {(6)} (35... Qb7 $142
$1 {[%cal Gb7b2]} 36. Bd1 Qb2 37. f3 $2 (37. Kg1) 37... Na4 $40) 36. Be2 Kg7 {
(5)} 37. Bc4 Qd6 {(4)} 38. Qe2 Na4 39. Bb3 Nc5 {(2)} 40. Bc4 Na4 41. Bb3 Nc5 (
41... Nxc3 $2 42. Qc4) 42. Bc4 {JL SERET se qualifie pour le match de
départage d'attribution du titre.} 1/2-1/2

[Event "DEN-ch"]
[Site "Nyborg"]
[Date "2001.04.12"]
[Round "6"]
[White "Rasmussen, Karsten"]
[Black "Mortensen, Erling"]
[Result "1-0"]
[WhiteElo "2410"]
[BlackElo "2438"]
[Annotator "Wells,P"]
[PlyCount "45"]
[EventDate "2001.04.07"]
[EventType "tourn"]
[EventRounds "9"]
[EventCountry "DEN"]
[EventCategory "8"]
[SourceTitle "CBM 083"]
[Source "ChessBase"]
[SourceDate "2001.07.05"]
[SourceVersion "1"]
[SourceVersionDate "2001.07.05"]
[SourceQuality "1"]

1. g3 {Ftacnik} e5 2. Bg2 d5 3. d3 c5 4. e4 d4 5. f4 Nc6 6. Nf3 Bd6 7. O-O Nf6
8. Na3 Be6 9. f5 Bd7 10. Nc4 {I don't much like black's set-up. It feels like
he is missing a tempo or two over typical positions.} Bc7 11. a4 Qe7 (11... O-O
{Ftacnik} 12. Bg5 Qe7 13. g4 h6 14. Bh4 $40) 12. c3 O-O-O $6 {[%csl Rc8] but
this is really risky. Short castling is not without its dangers either, but
with the c-file about to be opened this feels all wrong.. Ftacnik: 'Mortensen
is playing with fire, since the king on c8 will become perfect target for
violent attack.'} (12... O-O $14 {Ftacnik}) 13. cxd4 cxd4 $2 (13... exd4 $1 {
had to be tried.}) 14. b4 $1 {Of course. Black's king will not stand the
opening of both th c and b-files.} Nxb4 (14... Qxb4 $2 {Ftacnik} 15. Ba3 Qc3
16. Rc1 $18) 15. Ba3 a5 16. Nfxe5 $1 {[%csl Rb4][%cal Gc7e5,Gc7a5,Yc4a5] A
neat overworkng of the bishop on c7 decides.} Bxe5 17. Nxa5 Kb8 {'?' Ftacnik.
Ftacnik: 'Losing a tempo in a position with the burning roof will prove too
much for the defender.'} (17... Bd6 {Ftacnik} 18. Qb3 Bc6 19. Rab1 (19. e5 {
Ftacnik} Qxe5 20. Nc4 Qe2 21. Bxc6 bxc6 22. Nxd6+ Rxd6 23. Bxb4 Ng4 24. Ra2
Qe3+ 25. Kh1) 19... Ng4 20. Bxb4 Bxb4 21. Qxb4 $18) 18. Qb3 Bd6 19. e5 $1 Qxe5
(19... Nfd5 {Ftacnik} 20. Nxb7 Qxe5 21. Rae1 $18) 20. Bxb4 Bxb4 21. Qxb4 Qe3+
22. Kh1 Bc8 23. Bxb7 1-0

[Event "Pardubice Czech op-A"]
[Site "Pardubice"]
[Date "2009.08.01"]
[Round "9"]
[White "Vokac, Marek"]
[Black "Zakhartsov, Viacheslav V"]
[Result "1/2-1/2"]
[WhiteElo "2466"]
[BlackElo "2541"]
[Annotator "Zakhartsov,Vi"]
[PlyCount "100"]
[EventDate "2009.07.24"]
[EventType "swiss"]
[EventRounds "9"]
[EventCountry "CZE"]
[SourceTitle "EXT 2010"]
[Source "ChessBase"]
[SourceDate "2010.11.25"]
[SourceVersion "1"]
[SourceVersionDate "2010.11.25"]
[SourceQuality "1"]

1. g3 d5 2. Bg2 Nf6 3. d3 c6 4. Nd2 e5 5. Ngf3 (5. e4 {restricting Black's
possibilities, would be more precise:} Bd6 6. Ngf3 {etc.}) 5... e4 {I had
wished to deviate from a typical Pirc-like play.} 6. Nd4 (6. dxe4 dxe4 7. Ng5 {
would have allow the typical push} e3 8. fxe3 Ng4 9. Nde4 {(only move)} Qxd1+
10. Kxd1 h6 {with more than enough compensation for the pawn.}) 6... c5 7. N4b3
e3 {A novelty, although it is hardly to assess it. The idea is similar to an
Alekhine Defence (of cource, with reversed colours): 1.e4 Nf6 2.e5 Nd5 3.d4 d6
4.Nf3 Nc6 5.c4 Nb6 6.e6 fe etc.} (7... exd3 8. cxd3 Nc6 9. O-O Be7 10. e4 O-O {
[%emt 0:33:26] was played in Azmaiparashvili-Dlugy, Liepaya (rapid).}) 8. fxe3
h5 {Maybe, 8...Nc6 (development!) was more precise.} 9. Nf3 (9. e4 {is too
early:} Ng4 10. Nf1 Qf6 11. Bf4 g5) 9... Bd6 $6 (9... Nc6 {was better.}) 10.
Nbd2 $6 (10. e4 $1 dxe4 11. dxe4 {deserved serious attention:} Nxe4 (11... Nc6
12. e5 Nxe5 13. Nxe5 Bxe5 14. Qxd8+ Kxd8 15. Nxc5 {and White is a pawn up.})
12. Qd3 Qe7 13. Ng5 {with leading in development.}) 10... Qc7 11. Nf1 Nc6 12.
c3 Be6 13. Qa4 O-O-O 14. Bd2 Ng4 {Preventing White's castling. Black has a
powerful position for the pawn, and White tries to attack on the queenside.}
15. b4 c4 16. b5 (16. dxc4 dxc4 17. b5 Na5 18. Nd4 Kb8 {with Black's advantage.
}) 16... Nce5 17. Nxe5 Nxe5 18. d4 Ng4 19. e4 (19. Qxa7 Kd7 20. Qa4 f5 {
with excellent position, in spite of 2 pawns down. Black has a lot of active
possibilities: h5-h4 or playing on a-file.}) 19... dxe4 20. Bxe4 f5 21. Bf3 Kb8
22. Qc2 Rde8 23. a4 Qf7 24. Rg1 (24. h3 Bd5 $1 25. Bxd5 Qxd5 26. Rg1 Qf3 27.
O-O-O Qf2 28. Rh1 Qg2 {winning an exchange.}) 24... Bd5 25. Bxg4 hxg4 26. Be3
Re6 (26... Re4 {was more precise.}) 27. Qd2 Rhe8 28. Ra2 Re4 {Black has
overwhelming position, but in time-trouble things are completely changed.} 29.
Bf4 Bxf4 30. gxf4 Qc7 31. Ng3 Rxf4 32. Kd1 Rh8 {This move does not spoil
anything, but it was beginning.} (32... g6 {(protecting f5-pawn and
threatening ...Rf2) gave a big advantage:} 33. a5 Qd6 34. Rf1 Rxf1+ 35. Nxf1
Bg2 (35... f4 {is also good.}) 36. Qe1 (36. Ng3 {?} f4 {, winning}) (36. Ne3
Qxh2 37. Nxc4 {?} Bd5) 36... Bxf1 37. Qxf1 Qxh2 {and Black should win.}) 33.
Qe3 {I have missed this move.} b6 $2 (33... Bf7 $1 {(covering e8) would keep a
big advantage:} 34. Rg2 Re8 35. Qg1 g6 36. Rf2 Bd5 37. Qf1 Rxf2 38. Qxf2 f4 39.
Nf1 g5) 34. a5 $1 g5 $2 {Panic.} (34... bxa5 {was quite possible:} 35. Rxa5 (
35. Kd2 {was the move because of which I had rejected 34...bxa5, missing} Rxh2
36. Rga1 (36. Qe8+ Kb7 37. Rga1 Re4 $1 38. Nxe4 Qf4+ {mating.}) 36... Be4 $1 {
} 37. Rxa5 Rf3 38. Qg5 Rd3+ {with winning attack.}) 35... Rf3 $1 36. Qe5 (36.
exf3 {?} Bxf3+ 37. Kc1 Qxa5 38. Qe5+ Ka8 {and Black is winning due to the
exposed white king.}) 36... Qxe5 37. dxe5 Re3 38. Nxf5 Rxe5 39. Nd4 Rg5 {
and this sharp ending should end in a draw:} 40. Rf1 Rg6 (40... Rxh2 41. Rf8+
Kb7 42. Re8 g3 43. Re7+ Kb8 44. b6 {!?} axb6 45. Nc6+ Bxc6 46. Rxg5 g2 47.
Rexg7 {with some chances for White.}) 41. Rf2 Bb7 42. Nc6+ Bxc6 43. bxc6 Rxc6
44. Rg5 {with a draw.}) 35. axb6 axb6 36. Kd2 Bb7 37. Rga1 Qd6 38. Ra4 Rc8 {
Black has not active play and compelled to wait.} 39. R1a2 Bd5 40. Qg1 Qe7 41.
Ra6 Qe6 42. Qa1 Bb7 43. Ra8+ Kc7 (43... Bxa8 $2 {was bad:} 44. Rxa8+ Kc7 45.
Ra7+ {and White obtained a winning attack:} Kd8 (45... Kd6 46. Qa3+ Kd5 47. Re7
{winning.}) 46. Rh7 Rc7 47. Qa8+ Rc8 48. Qb7) 44. Rxc8+ Kxc8 45. Qg1 Qe8 46.
Qe3 $1 {White is changing all active black pieces, and Black remains with an
ugly rook f4.} Qxe3+ (46... Qxb5 {was also bad:} 47. Qe6+ Kc7 (47... Qd7 48.
Qxc4+ Kb8 49. Qg8+) (47... Kb8 48. Qd6+ Kc8 49. Qf8+ Kc7 50. Qe7+ Kc8 51. Qxg5
{lead to 47...Kc7}) 48. Qe7+ Kc8 49. Qxg5 Rf2 (49... Qb1 50. Qxf4 Qxa2+ 51. Ke3
Qa3 52. Qxf5+ Kb8 53. Qe5+ Ka7 54. d5 Qc5+ 55. Kf4 Bxd5 56. e4 Qf2+ 57. Kxg4 {
and White should win this endgame.}) 50. Qg8+ Kc7 51. Qe6 Qd7 52. Qe3 Rg2 (
52... Rxh2 53. Nxf5 Kb8 54. Qe5+ Qc7 55. Nd6 {winning.}) 53. Qe5+ Qd6 54. Qxd6+
Kxd6 55. Nxf5+ Kc7 56. Ne3 Rxh2 57. Nxg4 {with a healthy pawn up for White.})
47. Kxe3 Kb8 48. Ra4 {Missing his chance (during the game we both overlooked
this):} (48. d5 $1 Bc8 (48... Bxd5 49. Rd2 Bb7 50. Rd6 Kc7 51. Rg6 {and since
the g5-pawn falls, Black loses his rook.}) (48... Kc7 49. Ra7 Kb8 50. d6 {
winning.}) 49. d6 Bd7 (49... Be6 50. Rd2 Kc8 51. d7+ Bxd7 52. Rd6 Bxb5 53. Rg6
Rf3+ 54. exf3 f4+ 55. Kf2 fxg3+ 56. hxg3 gxf3 57. Rxb6 {with a winning ending.}
) 50. Rd2 Kc8 51. Rd5 Kd8 52. Re5 Be8 53. Re7 Bxb5 54. Rg7 Bc6 55. Rxg5 Re4+
56. Nxe4 Bxe4 57. Rg7 {and White wins.}) 48... Bd5 49. Rb4 Be6 50. Ra4 Bd5
1/2-1/2